[Event "Bratislava Doprastav op"]
[Site "Bratislava"]
[Date "1998.??.??"]
[Round "8"]
[White "Zitniak, Jan"]
[Black "Durovka, Stefan"]
[Result "0-1"]
[WhiteElo "1790"]
[BlackElo "1780"]
[PlyCount "84"]
[EventDate "1998.??.??"]
[EventType "swiss"]
[EventRounds "9"]
[EventCountry "SVK"]
[SourceTitle "EXT 1999"]
[Source "ChessBase"]
[SourceDate "1998.11.16"]
[SourceVersion "1"]
[SourceVersionDate "1998.11.16"]
[SourceQuality "1"]

1. e4 e5 2. Nf3 Nc6 3. Bb5 d6 4. 0-0 Bd7 5. c3 Nf6 6. Re1 Be7 7. d4 0-0 8. d5 Nb8 9. Bd3 Bg4 10. h3 Bh5 11. Be3 c6 12. c4 Qa5 13. Nc3 Nbd7 14. a3 Rfc8 15. b4 Qc7 16. Rc1 h6 17. Be2 b6 18. Nd2 Bg6 19. f3 a6 20. dxc6 Qxc6 21. Nb3 Nf8 22. b5 Qc7 23. Nd5 Nxd5 24. cxd5 Qd8 25. Rc6 axb5 26. Bxb6 Qd7 27. Bxb5 Qb7 28. Kh1 Nd7 29. Na5 Qb8 30. Rxc8+ Qxc8 31. Nc6 Bh4 32. g3 Nxb6 33. gxh4 Qxh3+ 34. Kg1 Rxa3 35. Ne7+ Kh7 36. Bd3 Qg3+ 37. Kf1 Bh5 38. Nf5 Qh3+ 39. Kf2 Qh2+ 40. Kf1 Nc4 41. Be2 Bxf3 42. Bxf3 Nd2+ 0-1

[Event "Bratislava Doprastav op"]
[Site "Bratislava"]
[Date "1998.??.??"]
[Round "6"]
[White "Zitniak, Jan"]
[Black "Vrbovsky, Martin"]
[Result "1/2-1/2"]
[WhiteElo "1790"]
[BlackElo "1970"]
[PlyCount "136"]
[EventDate "1998.??.??"]
[EventType "swiss"]
[EventRounds "9"]
[EventCountry "SVK"]
[SourceTitle "EXT 1999"]
[Source "ChessBase"]
[SourceDate "1998.11.16"]
[SourceVersion "1"]
[SourceVersionDate "1998.11.16"]
[SourceQuality "1"]

1. e4 e5 2. Nf3 Nc6 3. Bb5 a6 4. Ba4 Nf6 5. 0-0 Be7 6. Nc3 b5 7. Bb3 d6 8. d3 Bg4 9. Be3 0-0 10. Nd5 Na5 11. Nxf6+ Bxf6 12. h3 Nxb3 13. axb3 Bh5 14. Ra5 c5 15. Bd2 d5 16. Qe2 dxe4 17. dxe4 Qc8 18. b4 c4 19. Be3 Bd8 20. Ra3 Bc7 21. Bc5 Rd8 22. Rd1 Qb7 23. Rxd8+ Rxd8 24. g4 Bg6 25. Rd3 f6 26. Nh4 Bf7 27. Nf5 Be6 28. Ng3 Qc6 29. Nf1 a5 30. Ra3 a4 31. Ra1 h5 32. c3 hxg4 33. hxg4 Rd3 34. f3 Qd7 35. Re1 Kf7 36. Be3 a3 37. bxa3 Rxc3 38. Rd1 Rd3 39. Rxd3 cxd3 40. Qd2 Qd6 41. Qc3 g6 42. Nd2 f5 43. gxf5 gxf5 44. Qc5 Qxc5 45. Bxc5 Bd8 46. Be3 Kg6 47. Kg2 Bh4 48. Nf1 Be1 49. Bd2 Bh4 50. Ne3 Bg5 51. Kf2 Bh4+ 52. Kg2 fxe4 53. fxe4 Kh5 54. Kf3 Bg5 55. Nf1 Bg4+ 56. Kg3 Bh4+ 57. Kg2 Be2 58. Nh2 Bg5 59. Bxg5 Kxg5 60. Nf3+ Bxf3+ 61. Kxf3 d2 62. Ke2 Kf4 63. Kxd2 Kxe4 64. Kc3 Kd5 65. Kd3 e4+ 66. Ke3 Kc4 67. Kxe4 Kb3 68. Kd4 Kxa3 1/2-1/2